Computer graphics (Record no. 4916)

MARC details
000 -LEADER
fixed length control field 00420nam a2200169Ia 4500
003 - CONTROL NUMBER IDENTIFIER
control field SGT
020 ## - INTERNATIONAL STANDARD BOOK NUMBER
International Standard Book Number 9788131805657
082 ## - DEWEY DECIMAL CLASSIFICATION NUMBER
Classification number 6.6
Item number PAC
100 ## - MAIN ENTRY--PERSONAL NAME
Personal name Pachghare,V.K
245 ## - TITLE STATEMENT
Title Computer graphics
250 ## - EDITION STATEMENT
Edition statement 2nd Ed.
260 ## - PUBLICATION, DISTRIBUTION, ETC. (IMPRINT)
Name of publisher, distributor, etc University Science Press
Place of publication, distribution, etc N. Delhi
Year of Publication 2008
300 ## - PAGE DESCRIPTION
No. of Pages 224p.
650 ## - SUBJECT ADDED ENTRY--TOPICAL TERM
Topical term or geographic name as entry element COMPUTER SCIENCE
653 ## - KEYWORDS--INDEX TERM
Keyword term LINE GENERATION POLYGON ,D TRANSFORMATIONS,SEGMENTS
942 ## - ADDED ENTRY ELEMENTS (KOHA)
Source of classification or shelving scheme Dewey Decimal Classification
Koha item type Books
942 ## - ADDED ENTRY ELEMENTS (KOHA)
-- 3
Holdings
Withdrawn status Lost status Source of classification or shelving scheme Damaged status Use restrictions Not for loan Home library Current library Shelving location Date acquired SGTU Full call number Accession No. (Barcode) Date last seen Bill Date Koha item type Total Checkouts Checked out Date last borrowed Total Renewals
    Dewey Decimal Classification   Restricted Access Not For Loan SGT Engineering Library SGT Engineering Library Reference Book 28/04/2010 SGTU 6.6 PAC FE949 09/02/2015 09/02/2015 Books        
    Dewey Decimal Classification       SGT Engineering Library SGT Engineering Library   28/04/2010 SGTU 6.6 PAC FE950 22/07/2024 09/02/2015 Books 1 10/01/2018 22/07/2024  
    Dewey Decimal Classification       SGT Engineering Library SGT Engineering Library   28/04/2010 SGTU 6.6 PAC FE951 15/05/2018 09/02/2015 Books 4   24/04/2018 2
    Dewey Decimal Classification       SGT Engineering Library SGT Engineering Library   28/04/2010 SGTU 6.6 PAC FE1020 25/04/2024 09/02/2015 Books 2   25/04/2024  
    Dewey Decimal Classification       SGT Engineering Library SGT Engineering Library   28/04/2010 SGTU 6.6 PAC FE1021 27/02/2020 09/02/2015 Books 5   24/02/2020 2